Hardest Geography Quiz on Jetpunk - Statistics

General Stats
  • This quiz has been taken 265 times
    258 since last reset
  • The average score is 2 of 15
Answer Stats
Questions Answers % Correct
What is the capital of Madeira Islands? Funchal
62%
Which island marks the border between Canada and Denmark? Hans
43%
What is the capital of Ladakh? Leh
27%
Kinta Valley, along with the Tennaserim Hillsare in which country? Malaysia
12%
Name the largest island of Hong Kong Lantau
11%
What is the largest clock tower in the world? Abraj-al-Bait
10%
The Tinubu square is in which major city Lagos
10%
Poas volcano, is a major volcano in whichcountry? Costa Rica
7%
What is the largest tributary of the Amur? Songhua
6%
What island is of the coast of the city: La Romana Catalina
5%
Name the 2nd largest lake of Finland Päijänne
5%
What is the highest point of Netherlands?(all territories included) Scenery
5%
What is the Canadian part of Glacier NP? Waterton Lakes
4%
What point in France is the closest pointfrom France to the UK? Gris-Nez
3%
Name the strait that seperates Melville islandfrom mainland Australia. Dunda
2%
No matching quizzes found
Score Distribution
Percent of People with Each Score
Percentile by Number Answered
Your Score History
You have not taken this quiz since the last reset